| 000 | 00756nam a2200229Ia 4500 | ||
|---|---|---|---|
| 003 | GCL | ||
| 008 | 140319s9999 xx 000 0 ara d | ||
| 040 |
_aGCL / _cGCL |
||
| 082 | 0 | 4 |
_a301.242 _bم م |
| 100 | 1 | _aمحمد عاطف غيث | |
| 245 | 1 | 0 |
_aالمشاكل الاحتماعية والسلوك الانحرافى / _cمحمد عاطف غيث |
| 260 |
_a[S.N] : _bدار المعرفة الجامعية |
||
| 300 | _a247 ص | ||
| 490 | _a | ||
| 650 | 0 | 4 | _aالتنمية الاجتماعية |
| 650 | 0 | 4 | _aالاجتماع |
| 650 | 0 | 4 | _aالسلوك الاجتماعى |
| 650 | 0 | 4 | _aعلم النفس الاجتماعى |
| 650 | 0 | 4 | _aالتغير الاجتماعى |
| 650 | 0 | 4 | _aالدراسات الاجتماعية |
| 942 |
_2ddc _cBK |
||
| 999 |
_c27637 _d27637 |
||